Guide to tropical public health and community medicine (Record no. 30634)

MARC details
000 -LEADER
fixed length control field 00633nam a2200193Ia 4500
020 ## - INTERNATIONAL STANDARD BOOK NUMBER
ISBN 9789785390476
050 ## - CALL MARK
Classification number RA 485 .G85/
100 ## - STATEMENT OF RESPONSIBILITY--MAIN AUTHOR NAME
Personal name Edited by Christopher Obionu
245 #0 - TITLE STATEMENT
Title Guide to tropical public health and community medicine
250 ## - EDITION / VOLUME STATEMENT
Edition / Volume statement 1st ed.
260 ## - PUBLICATION, DISTRIBUTION, ETC. (IMPRINT)
Place of publication Nigeria
260 ## - PUBLICATION, DISTRIBUTION, ETC. (IMPRINT)
Name of publisher EZU BOOKS LIMITED
260 ## - PUBLICATION, DISTRIBUTION, ETC. (IMPRINT)
Year of publication 2018
300 ## - PHYSICAL DESCRIPTION
Number of Pages 761 p
650 ## - SUBJECT ADDED ENTRY--TOPICAL TERM
Topical Term Public health--Great Britain--Handbooks, manuals, etc. Public health--Handbooks, manuals, etc. National health services--Great Britain--Handbooks, manuals, etc.
942 ## - ADDED ENTRY ELEMENTS (KOHA)
Koha item type Books
Holdings
Withdrawn status Lost status Source of classification or shelving scheme Damaged status Not for loan Permanent Location Current Location Shelving location Date acquired Accession Number Price effective from Koha item type
    Library of Congress Classification     NILE UNIVERSITY OF NIGERIA - MAIN LIBRARY NILE UNIVERSITY OF NIGERIA - MAIN LIBRARY Items on shelf 04/23/2025 0195902 04/23/2025 Books